Miasta w Polsce zakończone na -bork na mapie - Statystyki

Ogólne statystyki
  • Ten quiz został rozwiązany 543 razy
  • Średni wynik to 4 z 5
Odpowiedzi na mapie
Odpowiedzi zakodowano w zielono-czerwonej skali na mapie do tego quizu, zgodnie z poniższymi procentami.
 
Statystyki odpowiedzi
Województwo Miasto % Poprawnych
Pomorskie Malbork
96%
Pomorskie Lębork
80%
Warmińsko-Mazurskie Frombork
74%
Opolskie Kluczbork
74%
Kujawsko-Pomorskie Więcbork
34%
Nie znaleziono quizów pasujących do podanych kryteriów
Rozkład punktacji
Procent ludzi z każdym wynikiem
Percentyl według liczby udzielonych odpowiedzi
Twoja historia wyników
Nie rozwiązałeś tego quizu